عرض عادي عرض مارك
  • Rosnow, Ralph L.

مدخل إسم شخص

عدد التسجيلات المستخدمة في: 1

001 - رقم الضبط

  • حقل الضبط: 34758

003 - معرف رقم الضبط

  • حقل الضبط: OSt

005 - تاريخ ووقت أخر عملية

  • حقل الضبط: 20130326000459.0

008 - عناصر بيانات ثابتة الطول

  • حقل تحكم ثابت الطول: 130326|||a|||||| | ||| d

040 ## - مصدر الفهرسة

  • هيئة الفهرسة الأصلية: OSt
  • وكالة الكتابة: OSt

100 ## - مدخل -- أسم شخص

  • إسم شخص: Rosnow, Ralph L.

670 ## - بيانات المصدر موجوده

  • الاستشهاد بالمصدر: Work cat.: (OSt)29303: Rosenthal, Robert, 1933- 34757, Artifacts in behavioral research, 2009.